000 00773nam a2200193 a 4500
001 BRCA_1072
005 20190320203251.0
008 190508s2006----mx-a---###---#000-0#spa-#
050 4 _aNK1414
_b.I47 2006
245 1 0 _aImport Export
_bde cambios e intercambios.
260 _aMéxico
_bMuseo Franz Mayer : British Council
_c2006
300 _a1 v. (sin paginación)
_bil. a color
_c19 cm.
500 _aCatálogo de la exposición realizada en el Museo Franz Mayer (Ciudad de México), 3 febrero - 7 mayo, 2006
650 1 4 _aMobiliario, textiles, joyería
_zMéxico
_93530
650 1 4 _aDiseñadores industriales contemporáneos
_zMéxico
_93531
650 1 4 _aArtes decorativas
_zMéxico
_93532
650 1 4 _aIntercambios culturales
_zMéxico - Inglaterra
_93533
942 _2lcc
_cB
999 _c951
_d951